Chemistry for the engineering and applied sciences
Guardat en:
| Autors principals: | , , |
|---|---|
| Format: | Llibre |
| Idioma: | anglès |
| Publicat: |
Oxford
Pergamon
1980
|
| Edició: | 2a. ed |
| Matèries: | |
| Etiquetes: |
Afegir etiqueta
Sense etiquetes, Sigues el primer a etiquetar aquest registre!
|
MARC
| LEADER | 00000nam a2200000 a 4500 | ||
|---|---|---|---|
| 001 | UCU3639 | ||
| 003 | CL-VaPUC | ||
| 008 | 960510e19800000UK |||||||||||||||||eng|d | ||
| 082 | 0 | 4 | |a 660 |b STE |2 21 |
| 100 | 0 | |a Steedman, W |e author |9 360704 | |
| 700 | 0 | |a Snadden, R. B |e author |9 360705 | |
| 700 | 0 | |a Anderson, I. H |e author |9 360706 | |
| 245 | 1 | 0 | |a Chemistry for the engineering and applied sciences |
| 250 | |a 2a. ed | ||
| 300 | |a 449 p | ||
| 942 | |c BK | ||
| 945 | |d 19960510 00:00:00 |a paguirre | ||
| 260 | |a Oxford |b Pergamon |c 1980 | ||
| 650 | 0 | |a Química |9 259896 | |
| 650 | 0 | |a Ingeniería |9 259380 | |
| 650 | 0 | |a Estructura atómica |9 259944 | |
| 650 | 7 | |a RADIACTIVIDAD |2 CL-VaPUC |9 354956 | |
| 650 | 0 | |a Estados de la Materia |9 347141 | |
| 650 | 0 | |a Gases |9 260945 | |
| 650 | 0 | |a Sólidos |9 260188 | |
| 650 | 0 | |a Líquidos |9 260946 | |
| 650 | 0 | |a Electroquímica |9 263973 | |
| 650 | 0 | |a Termoquímica |9 337401 | |
| 650 | 0 | |a Cinética |9 260943 | |
| 650 | 7 | |a EQUILIBRIOS QUIMICOS |2 CL-VaPUC |9 336637 | |
| 583 | |a last modification |c 19960510 00:00:00 |k Rodrigo Vera | ||
| 999 | |c 247580 |d 247578 | ||
| 952 | |0 0 |1 0 |4 0 |6 660_000000000000000_STE_1980 |7 0 |8 A |9 263584 |a BIBING |b BIBING |d 2019-11-19 |i 1656686 |o 660 STE 1980 |p 1656686 |r 2025-01-20 |w 2019-11-19 |y BK |k EIQ | ||